[Event "Montigny le Bretonneux Noel op 09th"]
[Site "Montigny le Bretonneux"]
[Date "2006.12.27"]
[Round "3"]
[White "Vallobra, Pierre"]
[Black "Baumhauer, Christian"]
[Result "0-1"]
[WhiteElo "1830"]
[BlackElo "2030"]
[PlyCount "90"]
[EventDate "2006.12.27"]
[EventType "swiss"]
[EventRounds "7"]
[EventCountry "FRA"]
[SourceTitle "CBM 116 Extra"]
[Source "ChessBase"]
[SourceDate "2007.03.07"]
[SourceVersion "1"]
[SourceVersionDate "2007.03.07"]
[SourceQuality "1"]

1. d4 Nf6 2. c4 e6 3. a3 d5 4. e3 c5 5. Nf3 Nc6 6. Be2 Be7 7. 0-0 0-0 8. Nc3 Re8 9. Qc2 cxd4 10. exd4 dxc4 11. Rd1 Na5 12. Bf4 Nd5 13. Bg3 a6 14. Ne5 b5 15. Qe4 Bb7 16. Qg4 Nf6 17. Qf4 Rc8 18. Bh5 Rf8 19. Bf3 Bxf3 20. Nxf3 Nh5 21. Qe4 Nxg3 22. hxg3 Nb3 23. Rab1 Qb6 24. d5 Rce8 25. Ne5 Nc5 26. Qe3 Bf6 27. Ne4 exd5 28. Qxc5 Qxc5 29. Nxc5 Rxe5 30. Nd7 Rd8 31. Nxe5 Bxe5 32. Rd2 d4 33. Rbd1 Kf8 34. Kf1 d3 35. Rc1 Rd6 36. Ke1 Rh6 37. Rdd1 Bxb2 38. Kd2 Re6 39. Re1 Bxc1+ 40. Rxc1 Re2+ 41. Kc3 Rxf2 42. Rg1 Rc2+ 43. Kd4 d2 44. Rd1 c3 45. Kd3 Rc1 0-1

[Event "Montigny le Bretonneux op 5th"]
[Site "Montigny le Bretonneux"]
[Date "2006.11.02"]
[Round "6.4"]
[White "Korsak, Gregoire"]
[Black "Vallobra, Pierre"]
[Result "1-0"]
[WhiteElo "1670"]
[BlackElo "1830"]
[PlyCount "84"]
[EventDate "2006.10.28"]
[EventType "swiss"]
[EventRounds "9"]
[EventCountry "FRA"]
[SourceTitle "EXT 2007"]
[Source "ChessBase"]
[SourceDate "2006.11.23"]
[SourceVersion "1"]
[SourceVersionDate "2006.11.23"]
[SourceQuality "1"]

1. d4 d5 2. e3 Nf6 3. c4 c6 4. Nc3 e6 5. Nf3 Bd6 6. Bd3 0-0 7. 0-0 Bd7 8. c5 Be7 9. Ne5 b6 10. Nxd7 Nbxd7 11. cxb6 axb6 12. b3 e5 13. dxe5 Nxe5 14. Bc2 Bd6 15. h3 Re8 16. Bb2 Rc8 17. Re1 Bb8 18. e4 d4 19. Ne2 d3 20. f4 dxc2 21. Qxd8 Rcxd8 22. fxe5 Bxe5 23. Bxe5 Rxe5 24. Ng3 Rd3 25. Kf2 g6 26. Rac1 Rg5 27. Nf1 Rc3 28. Nd2 Re5 29. Re3 Rxe3 30. Kxe3 Nd5+ 31. Kd4 Nb4 32. a3 c5+ 33. Kc4 Nc6 34. Rxc2 Nd4 35. Rc3 Rg5 36. Nf3 b5+ 37. Kd3 Nxf3 38. gxf3 Kf8 39. a4 bxa4 40. bxa4 Ke7 41. Kc4 Kd7 42. f4 Kc6 1-0

[Event "Montigny le Bretonneux op 5th"]
[Site "Montigny le Bretonneux"]
[Date "2006.10.28"]
[Round "1.1"]
[White "Vallobra, Pierre"]
[Black "Couronne, Patrice"]
[Result "1/2-1/2"]
[WhiteElo "1830"]
[BlackElo "1874"]
[PlyCount "38"]
[EventDate "2006.10.28"]
[EventType "swiss"]
[EventRounds "9"]
[EventCountry "FRA"]
[SourceTitle "EXT 2007"]
[Source "ChessBase"]
[SourceDate "2006.11.23"]
[SourceVersion "1"]
[SourceVersionDate "2006.11.23"]
[SourceQuality "1"]

1. d4 Nf6 2. c4 d6 3. Nc3 g6 4. e4 Bg7 5. Be2 0-0 6. h4 h5 7. Bg5 Ng4 8. f3 Nh6 9. g4 f6 10. Bxh6 Bxh6 11. gxh5 Qe8 12. Nh3 Kh7 13. Nd5 Na6 14. Bd3 Bxh3 15. Rxh3 c6 16. e5 f5 17. Nc3 Nc7 18. Rg3 gxh5 19. Qc2 e6 1/2-1/2

[Event "Elancourt op"]
[Site "Elancourt"]
[Date "2006.04.22"]
[Round "8"]
[White "Le Ray, Olivier"]
[Black "Vallobra, Pierre"]
[Result "1-0"]
[WhiteElo "1957"]
[BlackElo "1670"]
[PlyCount "43"]
[EventDate "2006.04.16"]
[EventType "swiss"]
[EventRounds "9"]
[EventCountry "FRA"]
[SourceTitle "CBM 111 Extra"]
[Source "ChessBase"]
[SourceDate "2006.05.09"]
[SourceVersion "1"]
[SourceVersionDate "2006.05.09"]
[SourceQuality "1"]

1. e4 e6 2. Nf3 d5 3. e5 c5 4. b4 c4 5. c3 a5 6. b5 a4 7. d3 cxd3 8. Bxd3 Qc7 9. 0-0 Nd7 10. Qe2 Nc5 11. Bc2 Bd7 12. Na3 Qb6 13. Rb1 Ra5 14. Rd1 Ne4 15. Bxe4 dxe4 16. Nc4 Bxb5 17. Qd2 Qc7 18. Nxa5 Ba6 19. Nxb7 Be7 20. Nd6+ Kf8 21. Nd4 f5 22. Nxe6# 1-0

[Event "Elancourt op"]
[Site "Elancourt"]
[Date "2006.04.18"]
[Round "4"]
[White "Doebele, Victor"]
[Black "Vallobra, Pierre"]
[Result "1-0"]
[WhiteElo "1962"]
[BlackElo "1670"]
[PlyCount "81"]
[EventDate "2006.04.16"]
[EventType "swiss"]
[EventRounds "9"]
[EventCountry "FRA"]
[SourceTitle "CBM 111 Extra"]
[Source "ChessBase"]
[SourceDate "2006.05.09"]
[SourceVersion "1"]
[SourceVersionDate "2006.05.09"]
[SourceQuality "1"]

1. Nf3 d5 2. g3 c5 3. Bg2 Nc6 4. 0-0 Nf6 5. d4 cxd4 6. Nxd4 e6 7. c4 Bc5 8. Be3 Qb6 9. Nc3 Bxd4 10. Na4 Qa5 11. cxd5 Nxd5 12. Bxd4 Nxd4 13. Qxd4 0-0 14. Rfd1 Nb4 15. Qc5 Qxa4 16. Rd4 a5 17. a3 Re8 18. Rad1 Na6 19. Qb6 Qc2 20. Rd8 Bd7 21. R8xd7 Nc5 22. R7d2 Qc4 23. Bxb7 Rab8 24. Qc7 g6 25. Rd8 Rbxd8 26. Rxd8 Qc1+ 27. Kg2 Rxd8 28. Qxd8+ Kg7 29. Qd4+ Kh6 30. Bf3 Qc2 31. Qf4+ Kg7 32. Qe5+ Kh6 33. Qc7 Kg7 34. b4 Qc3 35. Qxc5 axb4 36. axb4 Qb2 37. b5 e5 38. b6 f5 39. Qe7+ Kh6 40. Qf8+ Kg5 41. h4# 1-0

[Event "Elancourt op"]
[Site "Elancourt"]
[Date "2005.04.30"]
[Round "9"]
[White "Rodriguez, Jean Pierre"]
[Black "Vallobra, Pierre"]
[Result "1/2-1/2"]
[WhiteElo "1650"]
[BlackElo "1360"]
[PlyCount "104"]
[EventDate "2005.04.23"]
[EventType "swiss"]
[EventRounds "9"]
[EventCountry "FRA"]
[SourceTitle "CBM 105 Extra"]
[Source "ChessBase"]
[SourceDate "2005.05.01"]
[SourceVersion "1"]
[SourceVersionDate "2005.05.01"]
[SourceQuality "1"]

1. c4 e5 2. Nc3 Nf6 3. g3 Bb4 4. Bg2 0-0 5. Qc2 Ng4 6. Nd5 Bc5 7. e3 c6 8. b4 cxd5 9. bxc5 d4 10. h3 Nf6 11. Ne2 dxe3 12. fxe3 Qa5 13. Qd3 Qxc5 14. Ba3 Qc7 15. Bxf8 Kxf8 16. Rb1 Na6 17. 0-0 Nc5 18. Qc2 e4 19. Qc3 Qc6 20. Nf4 Kg8 21. d4 Na4 22. Qc2 Qa6 23. Rbc1 Nb6 24. d5 d6 25. Ne2 Qa3 26. Qb3 Qc5 27. Nd4 Nh5 28. Kh2 Bd7 29. Bxe4 Re8 30. Bd3 Rxe3 31. Bxh7+ Kxh7 32. Qxe3 Qc8 33. Qe4+ Kg8 34. Nf5 Qc5 35. Qd4 Qa3 36. Qc3 Qxa2+ 37. Rc2 Qa4 38. Ra1 Qxc2+ 39. Qxc2 Bxf5 40. Qb2 Nf6 41. Rxa7 Nxc4 42. Qxb7 Ne5 43. Qb8+ Kh7 44. Qxd6 Nf3+ 45. Kg2 Be4 46. Kf2 Bxd5 47. Ra4 Ng5 48. Rh4+ Kg6 49. Ke3 Bg2 50. Rg4 Bxh3 51. Rxg5+ Kxg5 52. Qf4+ Kg6 1/2-1/2